000
00230nam a22001097a 4500
040
_c
SK
082
_a
363
100
_a
SMITH P
245
_a
The economics of climate chang in southeast asia
260
_a
NA
_b
SMI
_c
2008
942
_c
EK
999
_c
9237
_d
9237